000 00594cam a2200217 4500500
005 20260405001632.0
041 _afre
042 _adc
100 1 0 _aDuru, Martin
_eauthor
245 0 0 _aUn sacré numéro
260 _c2013.
500 _a12
690 _a54
690 _aEnnéades
690 _aPlotin
690 _aPorphyre
690 _aTraités
690 _aVie intérieure
786 0 _nPhilosophie magazine | 74 | 11 | 2013-11-01 | p. 44-44 | 1951-1787
856 4 1 _uhttps://shs.cairn.info/magazine-philosophie-magazine-2013-11-page-44?lang=fr&redirect-ssocas=7080
999 _c2049489
_d2049489